000 01877nam a2200325 ia4500
003 PPAK
005 20250917132056.0
008 250917s2024 my a gr 000 fdmay d
020 _a9786297706061
_cRM 12.00
_qpaperback
040 _aPPAK
_beng
_cPPAK
_erda
082 0 4 _223
_a899.2333
090 0 0 _a899.2333
_bKHA
_dG
100 0 _aKhairul Aswad Ramli,
_eauthor.
245 1 0 _aPOCONG KUNING /
_cKhairul Aswad Ramli ; Editor: Nor Liana Omar ; Ilustrasi: Chikman Arshad
264 1 _aSeri Kembangan, Selangor :
_bFIRDAUS PRESS PUBLICATION,
_c[2024]
300 _a79 pages :
_billustrations ;
_c18 cm
336 _atext
_2rdacontent
337 _aunmediated
_2rdamedia
338 _avolume
_2rdacarrier
490 1 _aKISAH-KISAH ANGKER : CERITA-CERITA SERAM DAN MISTIK DARIPADA KISAH-KISAH BENAR
520 _aDemi kebendaan, Iblis menjadi sahabat. Niat utama Zurina hendak bekerja di restoran tomyam terkenal yang terletak di sebuah pekan kecil adalah bagi meringankan beban ayahnya apabila dia mendapat tawaran ke universiti. Jadi, sejurus tamat peperiksaan SPM, dia sedaya upaya meyakinkan ayahnya supaya membenarkan dia bekerja di situ bersama-sama sepupunya, Affa. Awal-awalnya, segalanya berjalan lancar. Namun, akhirnya Zurina diuji dengan sesuatu yang sangat mengerikan sehingga dia hampir-hampir menjadi mangsa, hanya kerana ‘makhluk’ tersebut tidak sukakan perbuatan Zurina dan Affa di restoran itu. Apa yang dilakukan oleh Zurina? Kenapa ‘makhluk’ itu berada di situ? Apa yang sebenarnya berlaku?
650 1 0 _aMalay fiction
650 2 0 _aGhost stories, Malay
650 2 0 _aHorror tales
651 0 _aMalaysian fiction (Malay)
700 0 _aNor Liana Omar,
_eeditor.
700 0 _aChikman Arshad,
_eillustrator.
830 0 _aKisah-kisah angker : cerita-cerita seram dan mistik daripada kisah-kisah benar
942 _2ddc
_cB
999 _c200742
_d200742